[Event "WYCC U16 Open 2013"]
[Site "Al-Ain UAE"]
[Date "2013.12.19"]
[Round "2.30"]
[White "Mezhlumyan, Marat"]
[Black "Juhasz, Armin"]
[Result "1/2-1/2"]
[WhiteElo "1927"]
[BlackElo "2272"]
[WhiteFideId "13302973"]
[BlackFideId "724270"]
[EventDate "2013.12.18"]

1. c4 Nf6 2. Nc3 c5 3. Nf3 g6 4. e3 Bg7 5. d4 O-O 6. Be2 d5 7. O-O cxd4 8. Nxd4
dxc4 9. Bxc4 a6 10. b3 b5 11. Be2 Bb7 12. Bb2 e5 13. Nc2 Qb6 14. Bf3 Rd8 15.
Qxd8+ Qxd8 16. Bxb7 Ra7 17. Rfd1 Qb6 18. Bf3 Rd7 19. Nb4 e4 20. Nxe4 Nxe4 21.
Bxg7 Kxg7 22. Bxe4 Rxd1+ 23. Rxd1 Qc5 24. Nc2 Nc6 25. h3 Nb4 26. Nxb4 Qxb4 27.
Bb1 Qc3 28. g3 Qb2 29. Kg2 Kf6 30. Kf3 Ke7 31. Kg2 Qe2 32. Rd4 Qb2 33. Be4 Qxa2
34. b4 f5 35. Bd5 Qa3 36. g4 fxg4 37. hxg4 a5 38. bxa5 Qxa5 39. Rd3 Qa4 40. e4
Kf6 41. Rh3 Qd1 42. Rxh7 Qxg4+ 43. Kf1 Qd1+ 44. Kg2 Qg4+ 45. Kf1 Ke5 46. Rb7
Qd1+ 47. Kg2 Qb1 48. Rh7 b4 49. Rh3 Qc1 50. Rb3 g5 51. Rd3 Qc2 52. Rg3 Qd2 53.
Rb3 Kd4 54. Re3 Kc5 55. Bb3 Kd6 1/2-1/2

[Event "WYCC U16 Open 2013"]
[Site "Al-Ain UAE"]
[Date "2013.12.19"]
[Round "2.31"]
[White "Bilguun, Sumiya"]
[Black "Aleksanyan, Hrant"]
[Result "0-1"]
[WhiteTitle "FM"]
[WhiteElo "2270"]
[BlackElo "1981"]
[WhiteFideId "4901541"]
[BlackFideId "13306634"]
[EventDate "2013.12.18"]

1. e4 c5 2. Nf3 e6 3. d4 cxd4 4. Nxd4 a6 5. Nc3 Qc7 6. Bd3 Nf6 7. O-O d6 8. Qe2
Nbd7 9. Kh1 Be7 10. f4 O-O 11. Bd2 Nc5 12. Rae1 Nxd3 13. cxd3 b5 14. Rc1 Qd7 15.
b4 Bb7 16. f5 e5 17. Nb3 d5 18. Bg5 dxe4 19. dxe4 Bxb4 20. Bxf6 gxf6 21. Qg4+
Kh8 22. Qh4 Qe7 23. Rf3 Rg8 24. Nd5 Bxd5 25. exd5 Rad8 26. Qe4 a5 27. Rc6 a4 28.
Nc1 Bd6 29. Ne2 b4 30. Rh3 Rb8 31. Rc4 Rg7 32. Qc2 Qd7 33. Rc6 Rgg8 34. Qd2 b3
35. axb3 axb3 36. Qb2 Ba3 37. Qxa3 b2 38. Nc3 Qxc6 0-1

[Event "WYCC U16 Open 2013"]
[Site "Al-Ain UAE"]
[Date "2013.12.19"]
[Round "2.32"]
[White "Minald, Andrey"]
[Black "Salomon, Johan"]
[Result "0-1"]
[WhiteElo "1848"]
[BlackElo "2269"]
[WhiteFideId "13506854"]
[BlackFideId "1509500"]
[EventDate "2013.12.18"]

1. d4 Nf6 2. c4 e6 3. Nc3 Bb4 4. Qc2 O-O 5. Nf3 c5 6. e3 d5 7. a3 Bxc3+ 8. bxc3
b6 9. cxd5 exd5 10. Be2 Ba6 11. Bxa6 Nxa6 12. O-O Qc7 13. Qe2 Nb8 14. a4 Nc6 15.
Ba3 Na5 16. Nd2 Rfe8 17. Rab1 cxd4 18. cxd4 Qc2 19. Qd1 Qxd1 20. Rfxd1 Ne4 21.
Nxe4 Rxe4 22. Kf1 Re6 23. Bb4 Nc4 24. Ke2 Rc8 25. Rdc1 f5 26. Rb3 Kf7 27. Rc2
Ke8 28. Bd2 Kd7 29. Rb5 Nxe3 30. Rxc8 Ng4+ 31. Kf1 Kxc8 32. Rxd5 Nxh2+ 33. Kg1
Re2 34. Bb4 Ng4 35. Rxf5 Ra2 36. Be1 Rxa4 37. Rg5 Rxd4 38. Rxg7 Re4 39. Bc3 Rc4
40. Bd2 a5 41. Rxh7 a4 42. f3 Ne5 43. f4 Nd7 44. Rh3 Rd4 45. Rc3+ Kb7 46. Rc2 b5
47. Kf2 a3 48. Ke3 Ra4 49. Ra2 Kc6 50. Kd3 Kd5 51. Bc3 Nc5+ 52. Ke3 Kc4 53. Be5
b4 54. Rc2+ Kb5 55. f5 b3 56. Rf2 Re4+ 57. Kd2 Rxe5 58. f6 Ne4+ 59. Kd3 Nxf2+
60. Kd4 Re6 0-1

[Event "WYCC U16 Open 2013"]
[Site "Al-Ain UAE"]
[Date "2013.12.19"]
[Round "2.33"]
[White "Asgarizadeh, Ahmad"]
[Black "Nikolov, Rumen"]
[Result "1/2-1/2"]
[WhiteElo "2267"]
[BlackElo "2023"]
[WhiteFideId "12505684"]
[BlackFideId "2911620"]
[EventDate "2013.12.18"]

1. e4 c5 2. Nf3 Nc6 3. d4 cxd4 4. Nxd4 e5 5. Nb5 a6 6. Nd6+ Bxd6 7. Qxd6 Qf6 8.
Qd1 Qg6 9. Nc3 d5 10. Nxd5 Qxe4+ 11. Ne3 Qg6 12. Qd3 e4 13. Qa3 Nge7 14. Bd2 O-O
15. O-O-O Be6 16. g3 b5 17. Ng2 b4 18. Bxb4 Nxb4 19. Qxb4 Nd5 20. Qd4 Qg5+ 21.
Ne3 Nxe3 22. Qxe3 Qe5 23. f4 Qa5 24. a3 Rab8 25. Be2 Rfc8 26. Rhf1 f5 27. Rd2
Rb3 28. Qd4 Qc7 29. Kb1 Rb6 30. Rc1 Rc6 31. Qe3 Qb7 32. Bf1 1/2-1/2

[Event "WYCC U16 Open 2013"]
[Site "Al-Ain UAE"]
[Date "2013.12.19"]
[Round "2.35"]
[White "Gireman, Ja"]
[Black "Samuel, Ngieng Chew Sheng"]
[Result "0-1"]
[WhiteElo "2248"]
[BlackElo "1580"]
[WhiteFideId "5043794"]
[BlackFideId "5713978"]
[EventDate "2013.12.18"]

1. e4 e6 2. d4 d5 3. Nc3 dxe4 4. Nxe4 Qd5 5. Nc3 Bb4 6. Nf3 Nf6 7. Bd2 Bxc3 8.
bxc3 b6 9. Bd3 Bb7 10. O-O Na6 11. Qe2 Nb8 12. Bf4 c5 13. c4 Qh5 14. d5 O-O 15.
dxe6 Bxf3 16. Qxf3 Qxf3 17. exf7+ Rxf7 18. gxf3 Nc6 19. Bg3 Nd4 20. Kg2 Re8 21.
a4 Nh5 22. a5 Nxg3 23. axb6 axb6 24. hxg3 h6 25. Bg6 Ne6 0-1

[Event "WYCC U16 Open 2013"]
[Site "Al-Ain UAE"]
[Date "2013.12.19"]
[Round "2.37"]
[White "Lampert, Jonas"]
[Black "Li, Xiang Wei  William"]
[Result "1/2-1/2"]
[WhiteElo "2378"]
[BlackElo "1846"]
[WhiteFideId "1303759"]
[BlackFideId "4303300"]
[EventDate "2013.12.18"]

1. d4 d5 2. c4 c6 3. Nf3 Nf6 4. e3 e6 5. Bd3 Nbd7 6. Nbd2 dxc4 7. Nxc4 a6 8. Qc2
c5 9. O-O b5 10. Nce5 Bb7 11. Nxd7 Nxd7 12. Be4 Bxe4 13. Qxe4 Be7 14. dxc5 Bxc5
15. Rd1 O-O 16. b4 Bb6 17. Bb2 Nf6 18. Qh4 Qe7 19. Ng5 h6 20. Ne4 Nd5 21. Qxe7
Nxe7 22. Nc3 Nc6 23. Rd6 Rac8 24. a4 Rfd8 25. Rxd8+ Bxd8 26. axb5 axb5 27. Nxb5
Nxb4 28. Rd1 Be7 29. Ba3 Nd5 30. Bxe7 Nxe7 31. g3 Nd5 32. Rd2 g6 33. e4 Nf6 34.
f3 g5 35. h3 h5 36. Kf2 1/2-1/2

[Event "WYCC U16 Open 2013"]
[Site "Al-Ain UAE"]
[Date "2013.12.19"]
[Round "2.38"]
[White "Sultan, Ibrahim"]
[Black "Sardana, Rishi"]
[Result "1-0"]
[WhiteElo "1954"]
[BlackElo "2373"]
[WhiteFideId "9301143"]
[BlackFideId "25004301"]
[EventDate "2013.12.18"]

1. d4 Nf6 2. c4 g6 3. Nc3 d5 4. cxd5 Nxd5 5. e4 Nxc3 6. bxc3 Bg7 7. Bc4 c5 8.
Be3 O-O 9. Ne2 Nc6 10. O-O Qc7 11. Rc1 b6 12. Qd2 Bb7 13. Bh6 e5 14. Bxg7 Kxg7
15. f4 Na5 16. Bd3 f5 17. fxe5 fxe4 18. Bb1 Nc4 19. Qg5 Qd8 20. Qg3 Qc7 21. Nf4
Nd2 22. Rf2 Nxb1 23. Rxb1 cxd4 24. cxd4 Kh8 25. Qh3 Rg8 26. Rbf1 e3 27. Qxe3
Rad8 28. e6 Qd6 29. d5 Rg7 30. Qd4 Kg8 31. g3 Rc7 32. Nxg6 hxg6 33. Rf7 Qc5 34.
Qxc5 Rxc5 35. e7 Rdc8 36. Rf8+ Kg7 37. d6 Rc2 38. R1f7+ Kh6 39. Rxc8 Rxc8 40. d7
Rc1+ 41. Rf1 Rc2 42. Rd1 Rg2+ 43. Kf1 1-0

[Event "WYCC U16 Open 2013"]
[Site "Al-Ain UAE"]
[Date "2013.12.19"]
[Round "2.39"]
[White "Lien, Kjell Hakon"]
[Black "Carneiro, Vitor Roberto Castro"]
[Result "1-0"]
[BlackTitle "CM"]
[WhiteElo "2011"]
[BlackElo "2277"]
[WhiteFideId "1510444"]
[BlackFideId "2130106"]
[EventDate "2013.12.18"]

1. d4 Nf6 2. c4 g6 3. Nc3 Bg7 4. e4 d6 5. Nf3 O-O 6. Be2 e5 7. O-O Nc6 8. d5 Ne7
9. Ne1 Nd7 10. g4 Kh8 11. h4 f5 12. f3 Nf6 13. Be3 Qd7 14. c5 fxg4 15. fxg4 Nxg4
16. Bxg4 Qxg4+ 17. Qxg4 Bxg4 18. Nb5 Be2 19. Rxf8+ Rxf8 20. Nxc7 Nc8 21. Ne6
Rf1+ 22. Kg2 Bf6 23. Bf2 dxc5 24. Nxc5 b6 25. Nb3 Ba6 26. Nd2 Rxf2+ 27. Kxf2
Bxh4+ 28. Kg2 Nd6 29. Rc1 Bg5 30. Nef3 Bf4 31. Rc6 1-0

[Event "WYCC U16 Open 2013"]
[Site "Al-Ain UAE"]
[Date "2013.12.19"]
[Round "2.40"]
[White "Mosadeghpour, Masoud"]
[Black "Tominga, Eke"]
[Result "1-0"]
[WhiteElo "2230"]
[BlackElo "2064"]
[WhiteFideId "12519278"]
[BlackFideId "4503570"]
[EventDate "2013.12.18"]

1. Nf3 Nf6 2. g3 d5 3. Bg2 Bg4 4. c4 c6 5. cxd5 cxd5 6. Ne5 Bf5 7. Qa4+ Nbd7 8.
Nc3 e6 9. g4 Bg6 10. g5 Nh5 11. e4 Nf4 12. Bf1 a6 13. Qxd7+ Qxd7 14. Nxd7 Kxd7
15. d4 Nh5 16. exd5 exd5 17. Bh3+ Kc6 18. O-O f6 19. Bg2 Rd8 20. Bd2 Bf7 21.
Rac1 Kb6 22. Na4+ Ka7 23. Ba5 Bd6 24. Bb6+ Kb8 25. Bxd8 Rxd8 26. gxf6 gxf6 27.
Bf3 Nf4 28. Rc3 Rg8+ 29. Kh1 Rg6 30. Rg1 Rh6 31. Rg7 Be6 32. Nc5 Bc8 33. Nd7+
Bxd7 34. Rxd7 f5 35. Rb3 Re6 36. Re3 Rh6 37. Rf7 Re6 1-0

[Event "WYCC U16 Open 2013"]
[Site "Al-Ain UAE"]
[Date "2013.12.19"]
[Round "2.41"]
[White "Zakaryan, David"]
[Black "Jumanov, Elbek"]
[Result "1-0"]
[WhiteElo "2196"]
[BlackElo "2019"]
[WhiteFideId "24101923"]
[BlackFideId "14202905"]
[EventDate "2013.12.18"]

1. e4 c5 2. Nf3 e6 3. d4 cxd4 4. Nxd4 Nf6 5. Nc3 d6 6. Be3 a6 7. f3 Be7 8. Qd2
b5 9. g4 O-O 10. g5 Nfd7 11. h4 b4 12. Nce2 a5 13. O-O-O Ne5 14. Ng3 Ba6 15. Qg2
Bxf1 16. Nxf1 Nc4 17. f4 Re8 18. h5 Bf8 19. g6 fxg6 20. hxg6 h6 21. f5 Qf6 22.
e5 dxe5 23. Nxe6 e4 24. Bd4 Qxf5 25. Nxf8 Rxf8 26. Rh4 Ra6 27. Qxe4 Qg5+ 28. Ne3
Nxe3 29. Bxe3 Qxg6 30. Qd5+ Qf7 31. Qd3 Rf6 32. Bc5 Rc8 33. Bd4 Rd8 34. Rg1 g5
35. Qh3 Rg6 36. Rxh6 Qf4+ 37. Kb1 Rxh6 38. Qxh6 Qxd4 39. Rxg5+ Kf7 40. Qh7+ Ke6
41. Rg6+ Kd5 42. Qh5+ Qe5 43. Rg5 Re8 44. Qxe8 1-0

[Event "WYCC U16 Open 2013"]
[Site "Al-Ain UAE"]
[Date "2013.12.19"]
[Round "2.42"]
[White "Hamawi, Karim"]
[Black "Hu, Bryan"]
[Result "0-1"]
[WhiteElo "1640"]
[BlackElo "2176"]
[WhiteFideId "5303621"]
[BlackFideId "2066327"]
[EventDate "2013.12.18"]

1. e4 e6 2. d4 d5 3. Nc3 Bb4 4. Ne2 Nc6 5. e5 f6 6. f4 Nh6 7. a3 Ba5 8. b4 Bb6
9. Na4 O-O 10. Nxb6 axb6 11. Bb2 Bd7 12. Qd2 Qe8 13. exf6 Rxf6 14. Nc1 Nf5 15.
Be2 Nce7 16. Nd3 Bb5 17. O-O Nd6 18. Rae1 Nef5 19. Ne5 Bxe2 20. Rxe2 Ne4 21. Qd3
Nfd6 22. g3 b5 23. a4 bxa4 24. c4 c6 25. c5 Nb5 26. Qc2 a3 0-1

[Event "WYCC U16 Open 2013"]
[Site "Al-Ain UAE"]
[Date "2013.12.19"]
[Round "2.43"]
[White "Gillot, Florent"]
[Black "Markoja, Boris"]
[Result "0-1"]
[WhiteElo "1731"]
[BlackElo "2167"]
[WhiteFideId "225479"]
[BlackFideId "14608502"]
[EventDate "2013.12.18"]

1. e4 c5 2. c3 Nf6 3. e5 Nd5 4. d4 cxd4 5. cxd4 Nc6 6. Nf3 d6 7. exd6 Qxd6 8.
Nc3 e6 9. g3 Be7 10. Bg2 O-O 11. O-O Rd8 12. Be3 Nxc3 13. bxc3 Qa3 14. Qc1 Bd7
15. Qxa3 Bxa3 16. Rab1 b6 17. Ne5 Rac8 18. Nxc6 Bxc6 19. Bxc6 Rxc6 20. Rb3 Be7
21. Rc1 Rc4 22. Kf1 Rd5 23. Ra1 Rh5 24. Kg2 f6 25. g4 Ra5 26. f3 h5 27. h3 Kf7
28. Kf2 Rc8 29. Ke2 b5 30. Bf4 a6 31. Kd3 Ra4 32. Bg3 Rd8 33. Kc2 hxg4 34. hxg4
Rh8 35. Kb2 Rh3 36. Rg1 g5 37. Ka1 f5 38. Rb2 f4 39. Be1 Rxf3 40. Rh1 Bf6 41.
Rh7+ Kg6 42. Rc7 Rf1 43. Rb1 Rg1 44. Rc6 Kf7 45. Rc7+ Ke8 46. Bf2 Rxb1+ 47. Kxb1
Rc4 48. Rxc4 bxc4 49. Kc2 Kd7 50. Kd1 Kc6 51. Ke2 Kd5 52. Kf3 Be7 53. Be1 Ba3
54. Bf2 Bb2 55. Be1 Bc1 56. a4 Be3 0-1

[Event "WYCC U16 Open 2013"]
[Site "Al-Ain UAE"]
[Date "2013.12.19"]
[Round "2.44"]
[White "Popov, Kirill"]
[Black "Dogan, Mire Deniz"]
[Result "1-0"]
[WhiteElo "2158"]
[BlackElo "1772"]
[WhiteFideId "24157457"]
[BlackFideId "6317456"]
[EventDate "2013.12.18"]

1. e4 g6 2. d4 Bg7 3. Nc3 c6 4. Nf3 d5 5. h3 Nf6 6. Bd3 dxe4 7. Nxe4 Nxe4 8.
Bxe4 Bf5 9. Bxf5 Qa5+ 10. c3 Qxf5 11. O-O O-O 12. Re1 Bf6 13. Qb3 b6 14. Bh6 Rd8
15. Ne5 Rd5 16. Ng4 Qd7 17. Qa3 c5 18. Nxf6+ exf6 19. dxc5 bxc5 20. c4 Rh5 21.
Rad1 Qc8 22. Be3 Nd7 23. f4 Qc7 24. Qd3 Nf8 25. Qd6 Qb6 26. Qxb6 axb6 27. Rd6
Rxa2 28. Rxb6 Ne6 29. Kh2 f5 30. Rb5 Ra4 31. Rc1 h6 32. Bxc5 Nxf4 33. Rb8+ Kg7
34. Bd4+ f6 35. Re1 Kf7 1-0

[Event "WYCC U16 Open 2013"]
[Site "Al-Ain UAE"]
[Date "2013.12.19"]
[Round "2.47"]
[White "Dale, Ari"]
[Black "Shumskis, Aleksandrs"]
[Result "1-0"]
[WhiteTitle "IM"]
[WhiteElo "2289"]
[BlackElo "1849"]
[WhiteFideId "3213145"]
[BlackFideId "11602414"]
[EventDate "2013.12.18"]

1. d4 Nf6 2. c4 Nc6 3. Nc3 e5 4. d5 Ne7 5. e3 Ng6 6. Bd3 Bb4 7. Ne2 O-O 8. Bd2
d6 9. Ng3 Ne8 10. Qc2 Nh4 11. Bxh7+ Kh8 12. Bf5 Nxg2+ 13. Ke2 Nh4 14. Bxc8 Qxc8
15. f3 Qh3 16. Rag1 Bxc3 17. Bxc3 f5 18. Qd1 f4 19. Qf1 Qd7 20. Ne4 fxe3 21. Rg3
Nf5 22. Rg5 Kg8 23. h4 Qa4 24. Kd3 b5 25. b3 Qxa2 26. Qh3 Nd4 27. Bxd4 Qxb3+ 28.
Bc3 Qxc4+ 29. Kxe3 Nf6 30. Qe6+ Kh8 31. Rhg1 Nxd5+ 32. Kd2 Qa2+ 33. Kc1 Qa3+ 34.
Bb2 Qe3+ 35. Kb1 Nf6 36. Qe7 1-0

[Event "WYCC U16 Open 2013"]
[Site "Al-Ain UAE"]
[Date "2013.12.19"]
[Round "2.48"]
[White "Yang, ching Wei, Austin"]
[Black "Reshef, Omer"]
[Result "1/2-1/2"]
[WhiteElo "1824"]
[BlackElo "2253"]
[WhiteFideId "16300440"]
[BlackFideId "2804336"]
[EventDate "2013.12.18"]

1. e4 e5 2. Nf3 Nc6 3. Bb5 a6 4. Ba4 Nf6 5. Qe2 b5 6. Bb3 Be7 7. c3 O-O 8. O-O
d6 9. d4 Bg4 10. Rd1 Qb8 11. h3 Bh5 12. g4 Bg6 13. Nbd2 Qb6 14. d5 Na5 15. Nh4
Nxb3 16. Nxg6 fxg6 17. axb3 Rf7 18. Nf3 h6 19. Be3 Qb7 20. Nd2 Raf8 21. f3 Nh7
22. Kg2 Bg5 23. b4 Qc8 24. Ra3 Bxe3 25. Qxe3 h5 26. Rh1 Rf4 27. Raa1 Qd8 28.
Rag1 Qf6 29. Rf1 Qg5 30. Kf2 Qf6 31. Ke2 h4 32. Rf2 Ng5 33. Rff1 Qf7 34. Qf2
Nxf3 35. Qxf3 Rxf3 36. Rxf3 Qe8 37. Rxf8+ Qxf8 38. Rf1 Qe7 39. Nb3 Qd7 40. Na5
Qe8 41. Nc6 Kh7 42. Rf2 Kg8 43. Rf1 Qa8 44. Ra1 Kh7 45. Rf1 Kg8 46. Ne7+ Kh7 47.
Nc6 Kg8 1/2-1/2

[Event "WYCC U16 Open 2013"]
[Site "Al-Ain UAE"]
[Date "2013.12.19"]
[Round "2.49"]
[White "Nuri, Murad"]
[Black "Volna, Lukas"]
[Result "1/2-1/2"]
[WhiteElo "2250"]
[BlackElo "1833"]
[WhiteFideId "13404474"]
[BlackFideId "14928728"]
[EventDate "2013.12.18"]

1. d4 Nf6 2. c4 e6 3. Nc3 Bb4 4. e3 O-O 5. Bd3 c5 6. a3 cxd4 7. axb4 dxc3 8.
bxc3 Nc6 9. Nf3 Qc7 10. h3 Rd8 11. O-O d5 12. Qc2 dxc4 13. Bxc4 Ne7 14. Bb3 Bd7
15. Bd2 a6 16. e4 Bc6 17. Rfe1 h6 18. Nd4 Rac8 19. e5 Nfd5 20. Nxc6 Nxc6 21. Qe4
Nde7 22. Rad1 Rd7 23. f4 Rcd8 24. Be3 Nd5 25. Bxd5 Rxd5 26. Rxd5 Rxd5 27. c4 Rd7
28. Bc5 Qd8 29. Bd6 Qb6+ 30. Kh1 Nxb4 31. f5 Nc6 32. fxe6 fxe6 33. Rf1 Rf7 34.
Rxf7 Kxf7 35. Qf3+ Kg8 36. Qf8+ Kh7 37. Qf7 Qb1+ 38. Kh2 Qf5 39. Qxb7 Nxe5 40.
Bxe5 Qxe5+ 41. Kh1 Qe1+ 42. Kh2 Qe5+ 43. Kh1 Qe1+ 44. Kh2 a5 45. Qb2 Qe4 46. Qc3
a4 47. c5 Qf4+ 48. Kg1 Qc7 49. Kf1 Kg8 1/2-1/2

[Event "WYCC U16 Open 2013"]
[Site "Al-Ain UAE"]
[Date "2013.12.19"]
[Round "2.50"]
[White "Rimawy, Hosam"]
[Black "Machan, Jan"]
[Result "1/2-1/2"]
[WhiteElo "1781"]
[BlackElo "2147"]
[WhiteFideId "8103798"]
[BlackFideId "334774"]
[EventDate "2013.12.18"]

1. e4 c5 2. Nf3 d6 3. d4 cxd4 4. Nxd4 Nf6 5. Nc3 a6 6. Bc4 e6 7. Bb3 Nbd7 8. O-O
Nc5 9. Re1 Be7 10. f4 O-O 11. e5 dxe5 12. fxe5 Nxb3 13. Nxb3 Qxd1 14. Rxd1 Nd7
15. Re1 Bd8 16. Be3 Bc7 17. Bd4 b6 18. Rad1 Bb7 19. Ne4 Bxe4 20. Rxe4 Rfd8 21.
Rc1 Rac8 22. c4 Bb8 23. Rc3 Rc6 24. c5 bxc5 25. Nxc5 Nxc5 26. Rxc5 Rxc5 27. Bxc5
Rd1+ 28. Kf2 Rd2+ 29. Kf3 Rxb2 30. Rd4 h6 31. Rd8+ Kh7 32. Bd6 Bxd6 33. exd6
Rxa2 34. Ra8 Rd2 35. Ke3 Rxd6 36. g4 Rb6 37. h4 Kg6 38. Kf4 Rb4+ 39. Kf3 Ra4 40.
h5+ Kf6 41. Kg3 Ra2 42. Kf3 a5 43. Ke3 a4 44. Kf3 a3 45. Kg3 Kg5 46. Ra7 1/2-1/2

[Event "WYCC U16 Open 2013"]
[Site "Al-Ain UAE"]
[Date "2013.12.19"]
[Round "2.51"]
[White "Abbas, Hussein kzar"]
[Black "Tutisani, Noe"]
[Result "0-1"]
[WhiteElo "1754"]
[BlackElo "2120"]
[WhiteFideId "4804937"]
[BlackFideId "13602853"]
[EventDate "2013.12.18"]

1. d4 Nf6 2. c4 g6 3. Nc3 d5 4. Nf3 Bg7 5. Bf4 O-O 6. e3 c5 7. Be2 cxd4 8. exd4
Nc6 9. O-O Be6 10. c5 Ne4 11. h3 h6 12. Rc1 g5 13. Bh2 f5 14. Be5 Nxe5 15. Nxe5
Qb8 16. Ng6 Rf7 17. Nxe4 fxe4 18. Bh5 Qc7 19. Ne5 Rf4 20. Ng6 Rf6 21. c6 Bf5 22.
Ne5 bxc6 23. Qb3 Rc8 24. Rc5 Qb6 25. Rfc1 Rd8 26. Bf7+ Kh7 27. Bxd5 Rxd5 28.
Qxb6 axb6 29. Rxd5 cxd5 0-1

[Event "WYCC U16 Open 2013"]
[Site "Al-Ain UAE"]
[Date "2013.12.19"]
[Round "2.52"]
[White "Filipets, Egor"]
[Black "Berman, Jacob"]
[Result "1/2-1/2"]
[WhiteElo "2112"]
[BlackElo "1795"]
[WhiteFideId "13503928"]
[BlackFideId "2071010"]
[EventDate "2013.12.18"]

1. d4 d5 2. Nf3 Nf6 3. g3 Bf5 4. Bg2 e6 5. O-O Be7 6. c4 O-O 7. Nc3 c6 8. Nh4
Bg6 9. Nxg6 hxg6 10. Qb3 Qb6 11. Qxb6 axb6 12. Bg5 Re8 13. a3 Nbd7 14. Rad1 dxc4
15. e4 b5 16. d5 Nc5 17. d6 Bd8 18. e5 Ng4 19. Bf4 Nd3 20. Rxd3 cxd3 21. h3 Nh6
22. Rd1 g5 23. Bc1 f6 24. Rxd3 Nf7 25. f4 Bb6+ 26. Be3 Bxe3+ 27. Rxe3 gxf4 28.
gxf4 Nh6 29. Ne4 Nf5 30. Rd3 Kf7 31. Nc5 Rab8 32. Be4 fxe5 33. fxe5 g6 34. d7
Red8 35. Bxf5 gxf5 36. Rd6 b6 37. Nxe6 Rxd7 38. Rxd7+ Kxe6 39. Rd6+ Kxe5 40.
Rxc6 Ke4 41. Rc3 Rd8 42. Rb3 Rd5 43. Kf2 Rd2+ 44. Ke1 Rh2 45. Rxb5 Rxh3 46. Rb4+
Kf3 47. Rxb6 Rh1+ 48. Kd2 f4 49. a4 Rh5 50. Rf6 Ke4 51. b4 f3 52. a5 Rh2+ 53.
Kc3 f2 54. Kc4 Rh4 55. Rxf2 Ke3+ 56. Kb5 Kxf2 57. a6 Rh7 58. Kb6 Rh6+ 59. Ka5
Ke3 60. a7 Rh1 61. Kb6 Ra1 62. Kb7 Kd4 63. b5 Kc5 64. b6 Ra2 65. Kc7 Ra1 66. Kb8
Kxb6 67. a8=Q Rxa8+ 68. Kxa8 1/2-1/2

[Event "WYCC U16 Open 2013"]
[Site "Al-Ain UAE"]
[Date "2013.12.19"]
[Round "2.53"]
[White "Gamage, Chathulanka"]
[Black "Wagdy, Andro"]
[Result "0-1"]
[BlackTitle "FM"]
[WhiteElo "1745"]
[BlackElo "2109"]
[WhiteFideId "9908102"]
[BlackFideId "10604413"]
[EventDate "2013.12.18"]

1. d4 d5 2. c4 e6 3. Nc3 Nf6 4. Bg5 c6 5. e3 h6 6. Bh4 Be7 7. cxd5 exd5 8. Bd3
O-O 9. Qc2 Re8 10. Nge2 Nbd7 11. O-O Nb6 12. f3 Nfd7 13. Bf2 c5 14. Rad1 c4 15.
Bf5 Nf6 16. Bxc8 Qxc8 17. h3 Bb4 18. e4 Bxc3 19. Nxc3 Nh5 20. Be3 f5 21. e5 f4
22. Bf2 Qe6 23. Nb5 Re7 24. b3 a6 25. Nd6 Rc7 26. Qd2 Nc8 27. bxc4 Nxd6 28. cxd5
Qxd5 29. exd6 Qxd6 30. Rc1 Rac8 31. Rfd1 Nf6 32. Rc5 b6 33. Rxc7 Rxc7 34. Rc1
Nd5 35. Rxc7 Nxc7 36. Qc3 a5 37. Qc4+ Kh8 38. Qa4 Qe6 39. Kf1 Nd5 40. Qb3 Qc6
41. Qd1 b5 42. Qd2 b4 43. Qb2 a4 44. Be1 Qc4+ 45. Kf2 0-1

[Event "WYCC U16 Open 2013"]
[Site "Al-Ain UAE"]
[Date "2013.12.19"]
[Round "2.54"]
[White "Sosovicka, Matej"]
[Black "Hamdan, Marshool"]
[Result "1-0"]
[WhiteElo "2098"]
[BlackElo "1749"]
[WhiteFideId "14916770"]
[BlackFideId "9303804"]
[EventDate "2013.12.18"]

1. e4 c5 2. Nf3 e6 3. d4 cxd4 4. Nxd4 Nf6 5. Nc3 Nc6 6. Ndb5 d5 7. exd5 exd5 8.
Bf4 Qe7+ 9. Be2 Ne5 10. Nxd5 Nxd5 11. Qxd5 f6 12. Bxe5 fxe5 13. O-O-O Be6 14.
Nc7+ Qxc7 15. Qxe6+ Be7 16. Bb5+ Kf8 17. Rd7 Qc5 18. Bc4 Ke8 19. Rhd1 Rf8 20.
Rxe7+ Qxe7 21. Bb5# 1-0

[Event "WYCC U16 Open 2013"]
[Site "Al-Ain UAE"]
[Date "2013.12.19"]
[Round "2.55"]
[White "Rodgers, Philippe"]
[Black "Micottis, Dorian"]
[Result "1/2-1/2"]
[WhiteElo "1735"]
[BlackElo "2097"]
[WhiteFideId "1801473"]
[BlackFideId "26021986"]
[EventDate "2013.12.18"]

1. c4 g6 2. g3 c5 3. Bg2 Bg7 4. Nc3 Nc6 5. e3 Bxc3 6. bxc3 e6 7. Ne2 Nge7 8. O-O
d6 9. Nf4 Rb8 10. Qe2 b6 11. e4 h6 12. d3 Ba6 13. a4 Na5 14. Be3 Qd7 15. Bh3 Qc7
16. Rfe1 Nec6 17. Ng2 Qe7 18. Rab1 Qf6 19. Qd2 Ne5 20. Nh4 g5 21. f4 gxh4 22.
fxe5 dxe5 23. Rf1 Qg7 24. Rf3 Rd8 25. Qe2 Bb7 26. Rbf1 f5 27. Bxf5 Ke7 28. Bg4
Rdf8 29. Bh5 Rxf3 30. Qxf3 hxg3 31. Qf7+ Qxf7 32. Rxf7+ Kd6 33. hxg3 Bc6 34. Rf6
Bxa4 35. Bxh6 Bc2 36. Bf8+ Kd7 37. Bg4 Bxd3 38. Bxe6+ Ke8 39. Bg7 Rh7 40. Bh6
Bxe4 41. Bg8 Rh8 42. Rf8+ Ke7 43. Rf7+ Ke6 44. Rf8+ Kd6 45. Rf6+ Ke7 1/2-1/2

[Event "WYCC U16 Open 2013"]
[Site "Al-Ain UAE"]
[Date "2013.12.19"]
[Round "2.56"]
[White "Ghvamberia, Nika"]
[Black "Lopez Popov, Ivan"]
[Result "1-0"]
[WhiteElo "2086"]
[BlackElo "1735"]
[WhiteFideId "13602128"]
[BlackFideId "4002083"]
[EventDate "2013.12.18"]

1. e4 c5 2. Nf3 d6 3. d4 cxd4 4. Nxd4 Nf6 5. Nc3 Nc6 6. Bg5 e6 7. Qd2 a6 8.
O-O-O Bd7 9. f4 b5 10. Bxf6 gxf6 11. Kb1 Qb6 12. Nxc6 Bxc6 13. f5 b4 14. Ne2 e5
15. Ng3 h5 16. h4 Qc5 17. Be2 Ke7 18. Bd3 Bh6 19. Qe2 Qe3 20. Rh3 Rag8 21. Qf3
a5 22. Be2 Bf4 23. Qxe3 Bxe3 24. Nxh5 Bf2 25. Bf3 Bxe4 26. Nxf6 Bxf3 27. Nxg8+
Rxg8 28. gxf3 Bd4 29. h5 Kf6 30. c3 bxc3 31. bxc3 Bc5 32. h6 Kxf5 33. h7 Rh8 34.
Kc2 Kg6 35. Rg3+ Kf6 36. Rh1 1-0